NBA 2K21 Top 100 Players - Statistics

General Stats
  • This quiz has been taken 3,514 times
    2,977 since last reset
  • The average score is 67 of 100
Answer Stats
Club Position Overall Player % Correct
Los Angeles Lakers SF/PG 97 LeBron James
100%
Golden State Warriors PG/SG 97 Stephen Curry
100%
Milwaukee Bucks PF/C 96 Giannis Antetokounmpo
99%
Brooklyn Nets PF/SF 96 Kevin Durant
99%
Philadelphia 76ers C 95 Joel Embiid
98%
Brooklyn Nets PG/SG 91 Kyrie Irving
98%
Dallas Mavericks PG/SF 94 Luka Doncic
98%
Denver Nuggets C 96 Nikola Jokic
98%
Los Angeles Lakers PF/C 93 Anthony Davis
97%
Portland Trail Blazers PG 94 Damian Lillard
97%
Brooklyn Nets SG/PG 95 James Harden
97%
Boston Celtics PF/SF 90 Jayson Tatum
97%
Miami Heat SF/SG 92 Jimmy Butler
97%
Los Angeles Clippers SF/PF 96 Kawhi Leonard
97%
Phoenix Suns SG/PG 89 Devin Booker
96%
Golden State Warriors SG/SF 89 Klay Thompson
96%
Phoenix Suns PG 89 Chris Paul
95%
New Orleans Pelicans PF/C 90 Zion Williamson
95%
Washington Wizards SG/SF 90 Bradley Beal
93%
Minnesota Timberwolves C 88 Karl-Anthony Towns
93%
Los Angeles Clippers SG/SF 88 Paul George
93%
Atlanta Hawks PG 87 Trae Young
93%
Utah Jazz SG/PG 88 Donovan Mitchell
92%
Boston Celtics SF/SG 87 Jaylen Brown
90%
Utah Jazz C 88 Rudy Gobert
90%
Chicago Bulls S/PF 82 Thaddeus Young
89%
Chicago Bulls SG/SF 88 Zach LaVine
89%
Miami Heat C 87 Bam Adebayo
88%
Sacramento Kings PG 87 De'Aaron Fox
88%
New York Knicks PF/C 89 Julius Randle
88%
Memphis Grizzlies PG 85 Ja Morant
87%
Oklahoma City Thunder PG/SG 87 Shai Gilgeous-Alexander
87%
Charlotte Hornets PG/SG 85 LaMelo Ball
86%
Washington Wizards PG/SG 88 Russell Westbrook
86%
Denver Nuggets PG/SG 86 Jamal Murray
85%
San Antonio Spurs PG 82 Dejounte Murray
83%
Milwaukee Bucks PG/SG 86 Jrue Holiday
83%
Milwaukee Bucks SF/PF 85 Khris Middleton
83%
Philadelphia 76ers PG/SF 86 Ben Simmons
82%
Phoenix Suns C 85 Deandre Ayton
82%
San Antonio Spurs SF/PF 87 DeMar DeRozan
82%
Indiana Pacers PF/C 87 Domantas Sabonis
82%
New Orleans Pelicans PG/SG 81 Lonzo Ball
81%
Atlanta Hawks C 86 Clint Capela
79%
Dallas Mavericks C/PF 86 Kristaps Porzingis
79%
Chicago Bulls C 87 Nikola Vucevic
78%
New Orleans Pelicans SF/PF 84 Brandon Ingram
77%
Portland Trail Blazers SG/PG 86 C.J. McCollum
77%
Philadelphia 76ers PF/SF 87 Tobias Harris
76%
Toronto Raptors PG 83 Kyle Lowry
75%
Toronto Raptors PF/C 83 Pascal Siakam
75%
Houston Rockets PG 82 John Wall
73%
Golden State Warriors PF/C 80 Draymond Green
72%
Denver Nuggets SF/PF 85 Michael Porter Jr.
72%
Toronto Raptors SG/PG 84 Fred VanVleet
69%
Memphis Grizzlies PF/C 83 Jaren Jackson Jr.
69%
Cleveland Cavaliers C 84 Jarrett Allen
68%
Atlanta Hawks PF/C 85 John Collins
68%
Utah Jazz PG 84 Mike Conley
68%
Boston Celtics C 81 Robert Williams
67%
Cleveland Cavaliers PG 82 Darius Garland
60%
Minnesota Timberwolves SG/PG 83 D'Angelo Russell
59%
Boston Celtics PG 83 Kemba Walker
59%
Phoenix Suns SF/PF 83 Mikal Bridges
58%
Minnesota Timberwolves SF/PF 82 Anthony Edwards
57%
Portland Trail Blazers C 82 Jusuf Nurkic
57%
Cleveland Cavaliers SG/PG 83 Collin Sexton
54%
New York Knicks SF/SG 83 R.J. Barrett
52%
New York Knicks C 82 Mitchell Robinson
51%
Houston Rockets C/PF 84 Christian Wood
49%
Los Angeles Lakers C 83 Andre Drummond
48%
Sacramento Kings SG/PG 81 Tyrese Haliburton
48%
Charlotte Hornets SF/PF 83 Gordon Hayward
46%
Indiana Pacers PG/SG 83 Malcolm Brogdon
46%
Memphis Grizzlies C 83 Jonas Valanciunas
45%
New York Knicks PG/SG 82 Derrick Rose
43%
Atlanta Hawks SG/SF 81 Bogdan Bogdanovic
42%
Detroit Pistons PF/SF 83 Jerami Grant
42%
Miami Heat PG/SG 80 Victor Oladipo
42%
Charlotte Hornets SG/PG 82 Terry Rozier III
41%
Indiana Pacers SF/PF 84 T.J. Warren
37%
Oklahoma City Thunder C/PF 81 Al Horford
36%
Orlando Magic C 82 Wendell Carter Jr.
36%
Brooklyn Nets PG/SG 83 Spencer Dinwiddie
35%
Indiana Pacers SG/SF 84 Caris LeVert
34%
Milwaukee Bucks C/PF 81 Bobby Portis
34%
Memphis Grizzlies PF/C 81 Brandon Clarke
33%
Atlanta Hawks SF/PF 81 De'Andre Hunter
32%
Utah Jazz SF/SG 82 Joe Ingles
27%
Sacramento Kings PF/C 80 Marvin Bagley III
27%
Orlando Magic PF/SF 82 Jonathan Isaac
25%
Free Agent C/PF 81 LaMarcus Aldridge
25%
Los Angeles Lakers C/PF 83 Montrezl Harrell
25%
Sacramento Kings C 82 Richaun Holmes
24%
Los Angeles Clippers C/PF 81 Serge Ibaka
22%
Portland Trail Blazers SF/SG 81 Norman Powell
21%
Atlanta Hawks PF/SF 81 Danilo Gallinari
20%
Portland Trail Blazers C 81 Enes Kanter
16%
Detroit Pistons C 81 Mason Plumlee
16%
Memphis Grizzlies PF/SF 81 Kyle Anderson
13%
No matching quizzes found
Score Distribution
Percent of People with Each Score
Percentile by Number Answered
Your Score History
You have not taken this quiz since the last reset